Associez le son à son artiste - Reggaeton - Statistiques

Statistiques générales
  • Ce quiz a été pris 127 fois
  • Le résultat moyen est 10 sur 25
Statistiques - réponses
Hint Réponse % Correct
Nuevayol Bad Bunny
86%
Gata Only FloyyMenor
70%
Si Antes Te Hubiera Conocido Karol G
70%
Mi Gente J Balvin
68%
TQG Karol G
62%
Perro Negro Bad Bunny
61%
Con Calma Daddy Yankee
61%
Danza Kuduro Don Omar
57%
Pepas Farruko
57%
Todo De Ti Rauw Alejandro
54%
Desesperados Rauw Alejandro
52%
El Perdо́n Nicky Jam
46%
Amanece Anuel AA
41%
Degenere Myke Towers
36%
Shower Becky G
30%
Coco Loco Maluma
30%
La Patrulla Peso Pluma
29%
Los Aparatos El Alfa
23%
Una Foto Tiago PZK
21%
Ritmo Perfeito Anitta
20%
Pa' Que La Pases Bien Arcángel
20%
El Incomprendido Farruko
20%
La Nena Ozuna
10%
Downtown J Balvin
9%
Hey Mor Maluma
2%
Aucun quiz correspondant
Distribution des résultats
% des personnes avec chaque résultat
Percentile par nombre de réponses
Votre historique - résultats
Vous n’avez pas pris ce quiz